[Event "Senior DM 65+ 2021"]
[Site "Logumkloster"]
[Date "2021.05.30"]
[Round "1"]
[White "Rasmussen, Hans Peter"]
[Black "Hartung Nielsen, Jens"]
[Result "0-1"]
[WhiteElo "1928"]
[BlackElo "2174"]
[PlyCount "86"]
[EventDate "2021.05.30"]
[EventType "swiss"]
[EventRounds "7"]
[EventCountry "DEN"]

1. d4 Nf6 2. Nf3 e6 3. c4 Bb4+ 4. Nc3 b6 5. Bg5 Bb7 6. e3 h6 7. Bh4 Bxc3+ 8.
bxc3 d6 9. Be2 Nbd7 10. O-O g5 11. Bg3 Ne4 12. Qc2 f5 13. Nd2 O-O 14. h3 e5 15.
Bh2 Qe7 16. Rae1 Nxd2 17. Qxd2 Qf7 18. Qd1 f4 19. exf4 gxf4 20. f3 Kh8 21. Bd3
Rg8 22. Kh1 Raf8 23. Qe2 Qg7 24. Rf2 exd4 25. Be4 Bxe4 26. fxe4 dxc3 27. Rxf4
Rxf4 28. Bxf4 Ne5 29. Rg1 Rf8 30. Bc1 Kh7 31. Rf1 Rxf1+ 32. Qxf1 Qf7 33. Qe2
Qxc4 34. Qe3 Qf1+ 35. Kh2 Qf6 36. Kg1 Nc6 37. Kh2 b5 38. Qd3 Qe5+ 39. Kh1 b4
40. Qc4 Qe8 41. a3 a5 42. axb4 axb4 43. Qb5 Qxe4 0-1

[Event "Senior DM 65+ 2021"]
[Site "Logumkloster"]
[Date "2021.05.30"]
[Round "1"]
[White "Jorgensen, Jorgen"]
[Black "Jorgensen, Arne Bjorn"]
[Result "1-0"]
[WhiteElo "2157"]
[BlackElo "1945"]
[PlyCount "81"]
[EventDate "2021.05.30"]
[EventType "swiss"]
[EventRounds "7"]
[EventCountry "DEN"]

1. Nf3 Nf6 2. c4 g6 3. Nc3 Bg7 4. e4 d6 5. d4 O-O 6. h3 c5 7. Be3 cxd4 8. Nxd4
Nc6 9. Be2 Bd7 10. O-O Nxd4 11. Bxd4 Bc6 12. Qd3 b6 13. Rad1 Rc8 14. f4 Qc7 15.
e5 dxe5 16. fxe5 Nd7 17. e6 Nc5 18. exf7+ Rxf7 19. Qe3 Bxd4 20. Rxd4 Rxf1+ 21.
Bxf1 e5 22. Rd1 Re8 23. b4 Ne6 24. Nd5 Bxd5 25. Rxd5 Nf4 26. Rd2 Qe7 27. a3 Qg5
28. Rd7 Re7 29. Rd8+ Kg7 30. Kh2 Rf7 31. Rd1 Re7 32. c5 bxc5 33. bxc5 Rc7 34.
c6 Qe7 35. Bb5 a6 36. Ba4 Nh5 37. Rd5 Nf6 38. Rxe5 Qd6 39. Kh1 Rxc6 40. Bxc6
Qxc6 41. Qc5 1-0

[Event "Senior DM 65+ 2021"]
[Site "Logumkloster"]
[Date "2021.05.30"]
[Round "1"]
[White "Zachariassen, John"]
[Black "Petersen, Peter Birk"]
[Result "0-1"]
[WhiteElo "1881"]
[BlackElo "2152"]
[PlyCount "160"]
[EventDate "2021.05.30"]
[EventType "swiss"]
[EventRounds "7"]
[EventCountry "DEN"]

1. c4 c5 2. Nf3 Nc6 3. g3 g6 4. Bg2 Bg7 5. O-O d6 6. d3 e5 7. Nc3 Nge7 8. Bd2
O-O 9. Rb1 h6 10. a3 a5 11. h3 Be6 12. Kh2 f5 13. Qc1 Kh7 14. Nb5 Rc8 15. Qe1
d5 16. cxd5 Bxd5 17. Nc3 Bb3 18. Bc1 b6 19. Nd2 Be6 20. Nc4 Nd4 21. b4 cxb4 22.
axb4 Nc2 23. Qd2 Nxb4 24. Na2 Bxc4 25. Nxb4 Be6 26. Nc2 Nd5 27. Bb2 b5 28. Ra1
b4 29. Rfc1 Qb6 30. Bxd5 Bxd5 31. Ne3 Be6 32. Rf1 Qb5 33. Rfc1 Rfd8 34. Qe1 a4
35. Nc4 a3 36. Bxa3 bxa3 37. Nxa3 Qd7 38. Nc4 Bxc4 39. dxc4 Qd4 40. e3 Qd7 41.
Rab1 Rc7 42. Rd1 Qe7 43. Rxd8 Qxd8 44. Qe2 e4 45. Rd1 Rd7 46. Rxd7 Qxd7 47. Kg2
h5 48. h4 Bf8 49. Qb2 Bc5 50. Qf6 Qe7 51. Qc6 Bd6 52. Qd5 Kg7 53. Qd4+ Kf7 54.
Qh8 Be5 55. Qc8 Qc7 56. Qa6 Qd7 57. Qa8 Kg7 58. c5 Bf6 59. c6 Qc7 60. Qe8 Qd8
61. Qe6 Be7 62. Qe5+ Bf6 63. Qe6 Qc7 64. Qd5 Be5 65. Qe6 Qd6 66. Qe8 Kf6 67.
Qc8 Ke7 68. Qb7+ Ke6 69. Qb5 Qc7 70. Qc5 Qe7 71. Qc4+ Kf6 72. Qd5 Qd6 73. Qg8
Qxc6 74. Qf8+ Ke6 75. Qg8+ Ke7 76. Qh7+ Kf8 77. Qh6+ Kg8 78. Qg5 Qf6 79. Qh6
Bd6 80. Kh2 Qxh4+ 0-1

[Event "Senior DM 65+ 2021"]
[Site "Logumkloster"]
[Date "2021.05.30"]
[Round "1"]
[White "Kolbak, Jens"]
[Black "Sorensen, Henning B"]
[Result "1-0"]
[WhiteElo "2141"]
[BlackElo "1911"]
[PlyCount "75"]
[EventDate "2021.05.30"]
[EventType "swiss"]
[EventRounds "7"]
[EventCountry "DEN"]

1. c4 g6 2. Nc3 Bg7 3. d4 d6 4. Nf3 Nf6 5. e4 O-O 6. h3 e5 7. d5 Na6 8. Be3 c5
9. Be2 Re8 10. Nd2 Nc7 11. a3 b6 12. O-O Qe7 13. b4 Bd7 14. Rb1 Reb8 15. Qc2 a5
16. bxc5 bxc5 17. Rb2 Qd8 18. Rfb1 Qc8 19. Rb6 Nfe8 20. Qb2 Rxb6 21. Qxb6 Qa6
22. Qb2 Qa7 23. g4 Na6 24. Nb5 Qb6 25. Bd1 Rb8 26. Ba4 Qd8 27. Kg2 Nac7 28. Qc3
Nxb5 29. Bxb5 Bxb5 30. cxb5 a4 31. Nc4 Nf6 32. f3 h6 33. b6 Bf8 34. Qa5 Nd7 35.
b7 Qxa5 36. Nxa5 Re8 37. Nc6 Nb8 38. Bd2 1-0

[Event "Senior DM 65+ 2021"]
[Site "Logumkloster"]
[Date "2021.05.30"]
[Round "1"]
[White "Fjordside, Arne Dan"]
[Black "Petersen, Karsten Nymann"]
[Result "1/2-1/2"]
[WhiteElo "1846"]
[BlackElo "2084"]
[PlyCount "101"]
[EventDate "2021.05.30"]
[EventType "swiss"]
[EventRounds "7"]
[EventCountry "DEN"]

1. d4 Nf6 2. Bf4 e6 3. e3 d5 4. Nd2 c5 5. c3 Nbd7 6. Bd3 Be7 7. h3 b6 8. Ngf3
Bb7 9. O-O O-O 10. Ne5 h6 11. a4 Rc8 12. Qe2 Nxe5 13. Bxe5 Nd7 14. Bh2 Bf6 15.
Nf3 Re8 16. Ba6 Bxa6 17. Qxa6 Nb8 18. Qxa7 Re7 19. Qa8 Nc6 20. Qa6 c4 21. a5
Nxa5 22. Qb5 Ra8 23. Be5 Rb7 24. Bxf6 gxf6 25. Nd2 Qe8 26. Qxe8+ Rxe8 27. f4
Nc6 28. e4 b5 29. exd5 exd5 30. Ra6 Rc8 31. Nf3 Kg7 32. Nh4 Ne7 33. Re1 Rcc7
34. Rd6 b4 35. Rxe7 Rxe7 36. Nf5+ Kf8 37. Nxe7 Kxe7 38. Rxd5 bxc3 39. bxc3 Rb3
40. Rc5 Rxc3 41. d5 Kd6 42. Rc6+ Kxd5 43. Rxf6 Re3 44. Rxf7 c3 45. Kf2 Re4 46.
Rd7+ Kc4 47. Kf3 Re6 48. f5 Rc6 49. Ke2 Rb6 50. Rc7+ Kd4 51. Rd7+ 1/2-1/2

[Event "Senior DM 65+ 2021"]
[Site "Logumkloster"]
[Date "2021.05.30"]
[Round "1"]
[White "Holst, Per"]
[Black "Mortensen, Soren K"]
[Result "1-0"]
[WhiteElo "2109"]
[BlackElo "1737"]
[PlyCount "129"]
[EventDate "2021.05.30"]
[EventType "swiss"]
[EventRounds "7"]
[EventCountry "DEN"]

1. d4 Nf6 2. c4 g6 3. Nc3 Bg7 4. e4 d6 5. f3 O-O 6. Be3 e5 7. d5 c6 8. Bd3 a6
9. Nge2 Nbd7 10. Qd2 Qa5 11. a3 c5 12. O-O Ne8 13. g4 Qc7 14. Ng3 Rb8 15. Kh1
b5 16. b3 b4 17. Nce2 bxa3 18. Rxa3 f6 19. Bc2 Rf7 20. Nc1 Nf8 21. Nd3 Kh8 22.
Ra4 f5 23. gxf5 gxf5 24. exf5 Nf6 25. Nf2 h5 26. h4 N8h7 27. Nh3 Rf8 28. Ng5
Qe7 29. Ne6 Rg8 30. Qh2 Qf7 31. Rg1 Ra8 32. Ne4 Nxe4 33. Bxe4 Bd7 34. Raa1 Bf6
35. Rxg8+ Qxg8 36. Rg1 Qf7 37. Rg6 Qe7 38. Ng5 Rg8 39. Rxg8+ Kxg8 40. Qg2 Kh8
41. Ne6 Be8 42. Bh6 Qf7 43. Kh2 Bd7 44. Kh3 Qe7 45. Qg3 Qf7 46. f4 Qe7 47. Bf3
Be8 48. Bg5 Qf7 49. Bh6 Qe7 50. Qe1 Qb7 51. Qg1 Qe7 52. Qd1 Qf7 53. Qe2 Kg8 54.
Qg2+ Kh8 55. Be4 Qe7 56. Bc2 Qf7 57. Qe2 Qe7 58. Qe3 Qf7 59. fxe5 Bxe5 60. Nxc5
Nf6 61. Ne6 Ng4 62. Qd2 Qg8 63. Bg5 Bd7 64. Bd1 Nf2+ 65. Qxf2 1-0

[Event "Senior DM 65+ 2021"]
[Site "Logumkloster"]
[Date "2021.05.31"]
[Round "2"]
[White "Nielsen, Erling Moller"]
[Black "Jorgensen, Jorgen"]
[Result "0-1"]
[WhiteElo "2013"]
[BlackElo "2157"]
[PlyCount "60"]
[EventDate "2021.05.30"]
[EventType "swiss"]
[EventRounds "7"]
[EventCountry "DEN"]

1. Nf3 f5 2. g3 Nf6 3. Bg2 g6 4. O-O Bg7 5. d3 c6 6. Nbd2 d6 7. c3 e5 8. e4 O-O
9. Qb3+ Kh8 10. exf5 gxf5 11. Re1 Na6 12. d4 e4 13. Ng5 d5 14. Nf1 c5 15. f3
cxd4 16. cxd4 Qb6 17. Qxb6 axb6 18. Bd2 Nc7 19. Bb4 Re8 20. Nf7+ Kg8 21. Ne5
Nb5 22. Bc3 exf3 23. Bxf3 Ne4 24. Bh5 Rxe5 25. dxe5 Nbxc3 26. bxc3 Bxe5 27. Ne3
Be6 28. Rab1 Bxc3 29. Rxb6 Bxe1 30. Rxe6 Bf2+ 0-1

[Event "Senior DM 65+ 2021"]
[Site "Logumkloster"]
[Date "2021.05.31"]
[Round "2"]
[White "Petersen, Peter Birk"]
[Black "Rasmussen, Lars Garne"]
[Result "1/2-1/2"]
[WhiteElo "2152"]
[BlackElo "1945"]
[PlyCount "86"]
[EventDate "2021.05.30"]
[EventType "swiss"]
[EventRounds "7"]
[EventCountry "DEN"]

1. e4 e5 2. Nf3 Nc6 3. Bb5 f5 4. d3 fxe4 5. dxe4 Nf6 6. O-O Bc5 7. Nc3 O-O 8.
Qd3 d6 9. Bg5 h6 10. Bh4 Ne7 11. Nxe5 Be6 12. Bc4 Qc8 13. Nf3 Ng6 14. Bg3 Nh5
15. Nd4 Ngf4 16. Bxe6+ Nxe6 17. Nf5 Qd7 18. Rad1 Rae8 19. Qd5 Nxg3 20. hxg3 c6
21. Qd3 Ng5 22. b4 Nxe4 23. Nxh6+ gxh6 24. Nxe4 Bxb4 25. Qc4+ Qe6 26. Qxb4 Qxe4
27. Rd4 c5 28. Rxe4 cxb4 29. Rxb4 b6 30. Rc4 Rc8 31. Rxc8 Rxc8 32. Rc1 Rc3 33.
Kf1 Ra3 34. Ra1 Rc3 35. Rc1 Ra3 36. Ke2 Rxa2 37. Kd2 Kf7 38. Rh1 Kg6 39. Rh4
Ra5 40. Rd4 d5 41. Rg4+ Kf6 42. Rh4 Kg6 43. Rg4+ Kf6 1/2-1/2

[Event "Senior DM 65+ 2021"]
[Site "Logumkloster"]
[Date "2021.05.31"]
[Round "2"]
[White "Mortensen, Steen Juul"]
[Black "Kolbak, Jens"]
[Result "0-1"]
[WhiteElo "1952"]
[BlackElo "2141"]
[PlyCount "78"]
[EventDate "2021.05.30"]
[EventType "swiss"]
[EventRounds "7"]
[EventCountry "DEN"]

1. d4 d5 2. c4 c6 3. Nf3 Nf6 4. Nc3 dxc4 5. a4 Bf5 6. Ne5 e6 7. f3 Nbd7 8. Nxc4
Bb4 9. Bg5 h6 10. Bh4 g5 11. Bg3 O-O 12. e4 Bg6 13. Bd6 Bxd6 14. Nxd6 Qb6 15.
Nc4 Qb4 16. Ra3 Rab8 17. Be2 Rfd8 18. O-O e5 19. Kh1 exd4 20. Qxd4 Nb6 21. Qxf6
Nxc4 22. Bxc4 Qxc4 23. Raa1 Qd4 24. Qxd4 Rxd4 25. Rfd1 Rbd8 26. Rxd4 Rxd4 27.
Rd1 Rb4 28. Rd2 Kf8 29. Kg1 Ke7 30. Kf2 a5 31. g3 f6 32. Ke2 g4 33. Ke3 gxf3
34. Kxf3 Ke6 35. h3 Ke5 36. Re2 Bf7 37. Rd2 Bb3 38. Rd7 Be6 39. Rd2 Bxh3 0-1

[Event "Senior DM 65+ 2021"]
[Site "Logumkloster"]
[Date "2021.05.31"]
[Round "2"]
[White "Gronhoj, Benny"]
[Black "Holst, Per"]
[Result "1/2-1/2"]
[WhiteElo "2003"]
[BlackElo "2109"]
[PlyCount "111"]
[EventDate "2021.05.30"]
[EventType "swiss"]
[EventRounds "7"]
[EventCountry "DEN"]

1. e4 e6 2. d4 d5 3. Nc3 Bb4 4. e5 c5 5. a3 Bxc3+ 6. bxc3 Qc7 7. Bd2 b6 8. f4
Ne7 9. Nf3 Ba6 10. Bxa6 Nxa6 11. O-O Rc8 12. Qe2 Nb8 13. a4 O-O 14. Rfb1 Nd7
15. a5 Nc6 16. axb6 axb6 17. Qd3 h6 18. f5 exf5 19. Qxf5 cxd4 20. cxd4 Ne7 21.
Qh3 f5 22. Bb4 Nb8 23. c3 Nbc6 24. Bd6 Qb7 25. Bc5 Ra8 26. Ba3 Ra6 27. Bxe7
Nxe7 28. Qh4 Rfa8 29. Rxa6 Rxa6 30. e6 b5 31. Re1 b4 32. cxb4 Qxb4 33. h3 Ra2
34. Qg3 Qb2 35. Kh1 Qf2 36. Qxf2 Rxf2 37. Ra1 g5 38. Ra7 Kf8 39. Ne5 Rd2 40.
Kh2 f4 41. Rb7 Re2 42. Kg1 Rd2 43. Kf1 Ra2 44. Nd7+ Kg7 45. Nc5 Kf6 46. Rb8 Nf5
47. Rf8+ Kg6 48. Nd7 Ng3+ 49. Ke1 Re2+ 50. Kd1 Rxe6 51. Ne5+ Kg7 52. Rf7+ Kg8
53. Ra7 Rb6 54. Ra8+ Kg7 55. Ra7+ Kg8 56. Ra8+ 1/2-1/2

[Event "Senior DM 65+ 2021"]
[Site "Logumkloster"]
[Date "2021.05.31"]
[Round "2"]
[White "Hansen, Per"]
[Black "Pedersen, Borge"]
[Result "1-0"]
[WhiteElo "2086"]
[BlackElo "1945"]
[PlyCount "55"]
[EventDate "2021.05.30"]
[EventType "swiss"]
[EventRounds "7"]
[EventCountry "DEN"]

1. d4 Nf6 2. Nc3 d5 3. Bf4 c6 4. e3 Bf5 5. f3 h5 6. Bd3 Bxd3 7. Qxd3 e6 8. Nge2
Bd6 9. e4 Bxf4 10. Nxf4 h4 11. O-O Qc7 12. Qe3 Nh5 13. Nd3 Kf8 14. e5 g6 15. f4
Ng7 16. g4 hxg3 17. hxg3 Qe7 18. Kg2 Nf5 19. Qf2 Kg7 20. Kf3 Nd7 21. Rh1 b6 22.
Ne2 c5 23. c3 c4 24. Nb4 a5 25. Nc2 Rxh1 26. Rb1 Rf1 27. Rxf1 Rh8 28. Rh1 1-0

[Event "Senior DM 65+ 2021"]
[Site "Logumkloster"]
[Date "2021.06.01"]
[Round "3"]
[White "Nielsen, Henning"]
[Black "Hartung Nielsen, Jens"]
[Result "1/2-1/2"]
[WhiteElo "2041"]
[BlackElo "2174"]
[PlyCount "73"]
[EventDate "2021.05.30"]
[EventType "swiss"]
[EventRounds "7"]
[EventCountry "DEN"]

1. e4 c5 2. Nf3 Nc6 3. d4 cxd4 4. Nxd4 g6 5. Be3 Nf6 6. Nc3 Bg7 7. Be2 O-O 8.
O-O d5 9. exd5 Nxd5 10. Nxd5 Qxd5 11. Bf3 Qa5 12. Nb3 Qc7 13. c3 Ne5 14. Be2
Rd8 15. Nd4 a6 16. Qc1 Nc4 17. Bf4 e5 18. Bg3 Nd6 19. Nf3 Nf5 20. Rd1 Nxg3 21.
hxg3 Bf5 22. Qe3 b5 23. Rxd8+ Rxd8 24. a4 Rb8 25. axb5 axb5 26. Ra7 Qd6 27. c4
bxc4 28. Bxc4 Be6 29. Bxe6 Qxe6 30. Qc5 Bf6 31. b4 e4 32. Nd4 Bxd4 33. Qxd4 Qb6
34. Qd7 Rf8 35. Rb7 Qf6 36. Rc7 Qd8 37. g4 1/2-1/2

[Event "Senior DM 65+ 2021"]
[Site "Logumkloster"]
[Date "2021.06.01"]
[Round "3"]
[White "Jorgensen, Jorgen"]
[Black "Hansen, Per"]
[Result "1/2-1/2"]
[WhiteElo "2157"]
[BlackElo "2086"]
[PlyCount "40"]
[EventDate "2021.05.30"]
[EventType "swiss"]
[EventRounds "7"]
[EventCountry "DEN"]

1. Nf3 d5 2. g3 c6 3. Bg2 Bg4 4. c4 e6 5. d4 Nd7 6. Nbd2 Ngf6 7. O-O Bd6 8. b3
O-O 9. Bb2 h6 10. Ne5 Bf5 11. Nxd7 Qxd7 12. f3 c5 13. cxd5 exd5 14. Kh1 Rfe8
15. dxc5 Bxc5 16. Bxf6 gxf6 17. e4 Be6 18. exd5 Bxd5 19. Ne4 Be7 20. Qd4 Qf5
1/2-1/2

[Event "Senior DM 65+ 2021"]
[Site "Logumkloster"]
[Date "2021.06.01"]
[Round "3"]
[White "Kolbak, Jens"]
[Black "Christiansen, Jens Jorgen"]
[Result "1/2-1/2"]
[WhiteElo "2141"]
[BlackElo "2051"]
[PlyCount "66"]
[EventDate "2021.05.30"]
[EventType "swiss"]
[EventRounds "7"]
[EventCountry "DEN"]

1. Nf3 d5 2. d4 Nf6 3. Bf4 c5 4. e3 Nc6 5. c3 Qb6 6. Qb3 c4 7. Qxb6 axb6 8.
Nbd2 b5 9. h3 Bf5 10. g4 Be4 11. Bg2 h6 12. Nxe4 Nxe4 13. Nd2 Nf6 14. O-O b4
15. e4 e6 16. Be5 Nxe4 17. Bxe4 Nxe5 18. dxe5 dxe4 19. Nxe4 Ra5 20. f4 Bc5+ 21.
Nxc5 Rxc5 22. cxb4 Rd5 23. Rac1 b5 24. b3 cxb3 25. Rc8+ Rd8 26. Rxd8+ Kxd8 27.
axb3 Kc7 28. Rc1+ Kb6 29. Kf2 h5 30. Rc3 hxg4 31. hxg4 Rh2+ 32. Kg3 Rd2 33. f5
Rd4 1/2-1/2

[Event "Senior DM 65+ 2021"]
[Site "Logumkloster"]
[Date "2021.06.01"]
[Round "3"]
[White "Sonderstrup, Bjarne"]
[Black "Petersen, Peter Birk"]
[Result "1/2-1/2"]
[WhiteElo "2018"]
[BlackElo "2152"]
[PlyCount "26"]
[EventDate "2021.05.30"]
[EventType "swiss"]
[EventRounds "7"]
[EventCountry "DEN"]

1. c4 c5 2. Nf3 Nc6 3. g3 g6 4. Bg2 Bg7 5. O-O d6 6. Nc3 e5 7. d3 Nge7 8. a3
O-O 9. Rb1 a5 10. Bd2 Rb8 11. Ne1 Be6 12. Nd5 b5 13. Nc2 b4 1/2-1/2

[Event "Senior DM 65+ 2021"]
[Site "Logumkloster"]
[Date "2021.06.01"]
[Round "3"]
[White "Rasmussen, Lars Garne"]
[Black "Petersen, Karsten Nymann"]
[Result "1-0"]
[WhiteElo "1945"]
[BlackElo "2084"]
[PlyCount "73"]
[EventDate "2021.05.30"]
[EventType "swiss"]
[EventRounds "7"]
[EventCountry "DEN"]

1. e4 e6 2. d4 d5 3. Nc3 Nf6 4. e5 Nfd7 5. f4 c5 6. Nf3 Nc6 7. Be3 Be7 8. Qd2
cxd4 9. Nxd4 a6 10. O-O-O Nxd4 11. Bxd4 b5 12. Kb1 Bb7 13. Qe3 Rc8 14. g4 Qc7
15. Rd2 h5 16. f5 hxg4 17. fxe6 fxe6 18. Rg1 b4 19. Nd1 Nc5 20. Rxg4 Ne4 21.
Rdg2 g5 22. Bd3 Nc5 23. Bg6+ Kd7 24. Rf2 Rh6 25. Rxg5 Rg8 26. Be8+ Rxe8 27. Rg7
Ne4 28. Qxh6 Nxf2 29. Nxf2 Qc4 30. Qd2 a5 31. Nd1 Qf1 32. Qd3 Qe1 33. Bf2 Qh1
34. h4 Ba6 35. Qd2 Qf1 36. Kc1 Be2 37. Rg1 1-0

[Event "Senior DM 65+ 2021"]
[Site "Logumkloster"]
[Date "2021.06.01"]
[Round "3"]
[White "Holst, Per"]
[Black "Munk, Kai S"]
[Result "1-0"]
[WhiteElo "2109"]
[BlackElo "1957"]
[PlyCount "67"]
[EventDate "2021.05.30"]
[EventType "swiss"]
[EventRounds "7"]
[EventCountry "DEN"]

1. d4 Nf6 2. c4 e6 3. Nf3 d5 4. g3 c6 5. Qc2 Nbd7 6. Bg2 dxc4 7. Qxc4 Bd6 8.
O-O O-O 9. Nc3 e5 10. e4 exd4 11. Nxd4 Nb6 12. Qd3 Be5 13. Rd1 Bxd4 14. Qxd4
Qxd4 15. Rxd4 h6 16. Be3 Ng4 17. Bf4 Be6 18. b3 Rad8 19. Rad1 Rxd4 20. Rxd4 Re8
21. Bc7 Rc8 22. Bxb6 axb6 23. Na4 Ra8 24. Rd2 Ra6 25. Bf1 Ra5 26. Nxb6 Rc5 27.
Kg2 f5 28. exf5 Bxf5 29. Bc4+ Kh8 30. Nd7 Be4+ 31. f3 Ne3+ 32. Kf2 Nxc4 33.
Nxc5 Nxd2 34. fxe4 1-0

[Event "Senior DM 65+ 2021"]
[Site "Logumkloster"]
[Date "2021.06.02"]
[Round "4"]
[White "Hartung Nielsen, Jens"]
[Black "Sonderstrup, Bjarne"]
[Result "1-0"]
[WhiteElo "2174"]
[BlackElo "2018"]
[PlyCount "107"]
[EventDate "2021.05.30"]
[EventType "swiss"]
[EventRounds "7"]
[EventCountry "DEN"]

1. Nf3 Nf6 2. c4 e6 3. b3 b6 4. Bb2 Bb7 5. e3 Be7 6. Nc3 c5 7. d4 cxd4 8. exd4
d5 9. Bd3 Nc6 10. O-O O-O 11. Re1 Rc8 12. Rc1 a6 13. cxd5 Nxd5 14. Nxd5 exd5
15. Bf5 Rc7 16. Ne5 g6 17. Bg4 Bd6 18. Qe2 Re7 19. Qd2 Rfe8 20. Nd3 Rxe1+ 21.
Rxe1 Rxe1+ 22. Nxe1 Bc8 23. Bf3 Be6 24. Nc2 Qf6 25. Bc1 a5 26. Qc3 Ne7 27. g3
h5 28. h4 Bf5 29. Bg5 Qe6 30. Bxe7 Bxe7 31. Ne3 Be4 32. Bxe4 Qxe4 33. Qc8+ Kg7
34. Qd7 Bf6 35. Qxd5 Qxd5 36. Nxd5 Bxd4 37. a4 f6 38. Kf1 Kf7 39. Nf4 g5 40.
hxg5 fxg5 41. Nxh5 Ke6 42. Ke2 Kf5 43. f3 g4 44. Nf4 Be5 45. Nd5 gxf3+ 46. Kxf3
Bd4 47. Ne3+ Ke6 48. Ke4 Bf6 49. Nd5 Bd8 50. g4 Kd6 51. Kd4 Kc6 52. Kc4 Bg5 53.
Nc3 Bf6 54. Ne4 1-0

[Event "Senior DM 65+ 2021"]
[Site "Logumkloster"]
[Date "2021.06.02"]
[Round "4"]
[White "Gronhoj, Benny"]
[Black "Kolbak, Jens"]
[Result "0-1"]
[WhiteElo "2003"]
[BlackElo "2141"]
[PlyCount "118"]
[EventDate "2021.05.30"]
[EventType "swiss"]
[EventRounds "7"]
[EventCountry "DEN"]

1. e4 e5 2. Nf3 Nc6 3. d4 exd4 4. Nxd4 Nf6 5. Nc3 Bb4 6. Nxc6 bxc6 7. Bd2 O-O
8. Bd3 Re8 9. f3 d5 10. O-O dxe4 11. Nxe4 Nxe4 12. fxe4 Bxd2 13. Qxd2 Qd4+ 14.
Qf2 Qxf2+ 15. Rxf2 Be6 16. b3 a5 17. e5 Rad8 18. Raf1 Bd5 19. Re1 Re7 20. Rf4
c5 21. Ra4 Ra8 22. Be4 c6 23. Kf2 g6 24. Bf3 Kf8 25. Rh4 Kg7 26. c4 Bxf3 27.
gxf3 a4 28. f4 axb3 29. axb3 Ra2+ 30. Kf3 Rb2 31. Re3 Rb7 32. e6 R2xb3 33. exf7
Rxe3+ 34. Kxe3 Rxf7 35. Rg4 h6 36. h4 Kf6 37. Rg1 Re7+ 38. Kf3 Rd7 39. h5 gxh5
40. Rh1 Kg6 41. Rg1+ Kf5 42. Rh1 Rd3+ 43. Ke2 Ke4 44. Rxh5 Rd6 45. Rh4 Rf6 46.
Rg4 h5 47. Rg5 Rf5 48. Rg6 Kxf4 49. Rxc6 Ke4 50. Rd6 Kf4 51. Rg6 Re5+ 52. Kd3
Re3+ 53. Kd2 Rg3 54. Rc6 Rg5 55. Kd3 h4 56. Rh6 Kg3 57. Ra6 h3 58. Ra1 h2 59.
Ke4 Rh5 0-1

[Event "Senior DM 65+ 2021"]
[Site "Logumkloster"]
[Date "2021.06.02"]
[Round "4"]
[White "Nielsen, Henning"]
[Black "Holst, Per"]
[Result "1-0"]
[WhiteElo "2041"]
[BlackElo "2109"]
[PlyCount "119"]
[EventDate "2021.05.30"]
[EventType "swiss"]
[EventRounds "7"]
[EventCountry "DEN"]

1. Nf3 Nf6 2. d4 e6 3. c4 Bb4+ 4. Nfd2 O-O 5. a3 Be7 6. e4 d6 7. Nc3 e5 8. d5
a5 9. Bd3 Na6 10. Qe2 Nc5 11. Bc2 a4 12. O-O Ne8 13. g4 Bg5 14. f3 g6 15. Rf2
Ng7 16. Nf1 Bxc1 17. Rxc1 f5 18. exf5 gxf5 19. Rg2 Qf6 20. Ng3 Kh8 21. Rf1 Bd7
22. h3 Rae8 23. Qd1 Ra8 24. g5 Qg6 25. h4 Nh5 26. Nce2 b5 27. f4 Nxg3 28. Nxg3
e4 29. h5 Qf7 30. g6 Qg7 31. h6 Qxh6 32. g7+ Qxg7 33. Nxe4 Qxg2+ 34. Kxg2 fxe4
35. Qd4+ Kg8 36. Rg1 Kf7 37. Kf2 Rg8 38. Rh1 Bf5 39. Bd1 Nd3+ 40. Kf1 Rg3 41.
Bh5+ Ke7 42. cxb5 Rag8 43. Qa7 Rg2 44. Be2 R8g7 45. Qxc7+ Bd7 46. Qa7 Kd8 47.
Rh6 Rf2+ 48. Qxf2 Nxf2 49. Kxf2 Kc7 50. Ke3 Re7 51. Rf6 Kb6 52. Kd4 Bxb5 53.
Rxd6+ Ka5 54. Bxb5 Kxb5 55. Re6 Rc7 56. Kxe4 Rc2 57. Rh6 Rxb2 58. Rxh7 Kc5 59.
Rc7+ Kd6 60. Rc6+ 1-0

[Event "Senior DM 65+ 2021"]
[Site "Logumkloster"]
[Date "2021.06.02"]
[Round "4"]
[White "Hansen, Per"]
[Black "Rasmussen, Lars Garne"]
[Result "0-1"]
[WhiteElo "2086"]
[BlackElo "1945"]
[PlyCount "98"]
[EventDate "2021.05.30"]
[EventType "swiss"]
[EventRounds "7"]
[EventCountry "DEN"]

1. d4 Nf6 2. Nc3 d5 3. Bf4 c5 4. e3 cxd4 5. exd4 a6 6. Nf3 Nc6 7. h3 g6 8. Be2
Bg7 9. O-O O-O 10. Ne5 Qb6 11. Na4 Qxd4 12. Nxc6 Qxa4 13. Nxe7+ Kh8 14. c4 Qxd1
15. Rfxd1 Re8 16. Bd6 Bf8 17. Nxc8 Raxc8 18. Bxf8 Rxe2 19. Bb4 Rxc4 20. Bc3 Rf4
21. Re1 Rxe1+ 22. Rxe1 d4 23. g3 Re4 24. Rxe4 Nxe4 25. Bxd4+ Kg8 26. Kg2 f5 27.
Kf3 Ng5+ 28. Kg2 Kf7 29. h4 Ne6 30. Be5 Nc5 31. Bd4 Ne6 32. Bc3 Nc5 33. f3 Ke6
34. Kf2 Kd5 35. Ke3 Ne6 36. Bf6 b5 37. Bc3 Kc4 38. a3 Nc7 39. Be5 Nd5+ 40. Kd2
a5 41. Bg7 b4 42. axb4 axb4 43. Be5 Ne7 44. Kc2 Nc6 45. b3+ Kd5 46. Bf6 Nd4+
47. Bxd4 Kxd4 48. Kd2 h6 49. g4 f4 0-1

[Event "Senior DM 65+ 2021"]
[Site "Logumkloster"]
[Date "2021.06.02"]
[Round "4"]
[White "Christiansen, Jens Jorgen"]
[Black "Larsen, Arne Walther"]
[Result "1/2-1/2"]
[WhiteElo "2051"]
[BlackElo "1731"]
[PlyCount "34"]
[EventDate "2021.05.30"]
[EventType "swiss"]
[EventRounds "7"]
[EventCountry "DEN"]

1. Nf3 Nf6 2. g3 g6 3. b3 Bg7 4. Bb2 c5 5. c4 Nc6 6. Bg2 O-O 7. e3 d6 8. d4
cxd4 9. Nxd4 Bd7 10. O-O Rb8 11. Nc3 a6 12. Qe2 Qa5 13. Rfd1 Rfc8 14. Rac1 Bg4
15. f3 Bd7 16. a3 Qh5 17. Nxc6 bxc6 1/2-1/2

[Event "Senior DM 65+ 2021"]
[Site "Logumkloster"]
[Date "2021.06.03"]
[Round "5"]
[White "Rasmussen, Lars Garne"]
[Black "Hartung Nielsen, Jens"]
[Result "1/2-1/2"]
[WhiteElo "1945"]
[BlackElo "2174"]
[PlyCount "98"]
[EventDate "2021.05.30"]
[EventType "swiss"]
[EventRounds "7"]
[EventCountry "DEN"]

1. e4 c5 2. Nf3 Nc6 3. d4 cxd4 4. Nxd4 g6 5. c4 Bg7 6. Be3 Nf6 7. Nc3 Ng4 8.
Qxg4 Nxd4 9. Qd1 Ne6 10. Rc1 Qa5 11. Be2 b6 12. O-O Bb7 13. f3 g5 14. Qd2 Qe5
15. Rfd1 d6 16. b3 h5 17. Bf1 h4 18. Nb5 g4 19. Nd4 Nxd4 20. Bxd4 Qxd4+ 21.
Qxd4 Bxd4+ 22. Rxd4 Rg8 23. Be2 gxf3 24. Bxf3 Rg5 25. Kf2 Kd7 26. e5 Bxf3 27.
Kxf3 Rf5+ 28. Rf4 Rxf4+ 29. Kxf4 Rg8 30. Rc2 dxe5+ 31. Kxe5 f6+ 32. Kf5 Rg5+
33. Kf4 e5+ 34. Kf3 Rf5+ 35. Ke3 Kc6 36. Rd2 Rf1 37. Rd8 Kc5 38. Rh8 Rf4 39.
Rc8+ Kd6 40. Rh8 Rg4 41. Kf3 Rf4+ 42. Ke3 f5 43. a3 Re4+ 44. Kd3 Rg4 45. Rh6+
Kc7 46. Rh7+ Kc6 47. Rh6+ Kb7 48. Rh7+ Kc6 49. Rh6+ Kb7 1/2-1/2

[Event "Senior DM 65+ 2021"]
[Site "Logumkloster"]
[Date "2021.06.03"]
[Round "5"]
[White "Kolbak, Jens"]
[Black "Nielsen, Henning"]
[Result "1-0"]
[WhiteElo "2141"]
[BlackElo "2041"]
[PlyCount "47"]
[EventDate "2021.05.30"]
[EventType "swiss"]
[EventRounds "7"]
[EventCountry "DEN"]

1. e4 e5 2. Nf3 Nc6 3. Bb5 a6 4. Ba4 Nf6 5. Nc3 Be7 6. O-O b5 7. Bb3 d6 8. Nd5
Bg4 9. h3 Bh5 10. c3 Nxe4 11. Nxe7 Nxe7 12. d4 exd4 13. Re1 d5 14. Qxd4 c5 15.
Qe5 Bxf3 16. gxf3 f6 17. Qe6 Qd6 18. Rxe4 Qxe6 19. Rxe6 Kd7 20. Re1 g5 21. Be3
Rac8 22. a4 c4 23. Bc2 f5 24. axb5 1-0

[Event "Senior DM 65+ 2021"]
[Site "Logumkloster"]
[Date "2021.06.03"]
[Round "5"]
[White "Jorgensen, Jorgen"]
[Black "Olesen, Poul Erik Norgaard"]
[Result "1-0"]
[WhiteElo "2157"]
[BlackElo "1991"]
[PlyCount "71"]
[EventDate "2021.05.30"]
[EventType "swiss"]
[EventRounds "7"]
[EventCountry "DEN"]

1. Nf3 Nf6 2. c4 g6 3. Nc3 Bg7 4. e4 d6 5. d4 O-O 6. Be2 e5 7. O-O Nc6 8. d5
Ne7 9. b4 Ne8 10. c5 f5 11. Ng5 Nf6 12. a4 h6 13. cxd6 cxd6 14. Nf3 f4 15. Qb3
g5 16. Nxe5 Nxe4 17. Nxe4 Bxe5 18. Bb2 Ng6 19. Rfe1 g4 20. Bf1 Bf5 21. Rac1 h5
22. Bxe5 Nxe5 23. Qb2 Bxe4 24. Rxe4 Rf7 25. Rxe5 dxe5 26. Qxe5 Qh4 27. d6 g3
28. fxg3 fxg3 29. hxg3 Qf6 30. Qxf6 Rxf6 31. d7 Kg7 32. Rc7 Rd8 33. Rxb7 a6 34.
b5 Rd6 35. bxa6 R6xd7 36. Bb5 1-0